000 01065nam0a22002771 4500
001 rc\2315188
005 20250623045149.0
035 _a(NLR Aleph) 006576458
090 _a7000134
_c7000134
100 _a20110829d1977 |||y0rusy50 ca
101 0 _arus
102 _aRU
105 _ay z |||||
200 1 _aО возможности определения значений некоторых функционалов от дифрагирующего объекта, находящегося в стационарном магнитном поле
210 _aНовосибирск
_cБ. и.
_d1977
215 _a25 с.
_d21
225 1 _aАН СССР. Сибирское отделение. Вычислительный центр. Препринт
_v64
320 _aБиблиогр.: с. 25
700 1 _aЗапреев
_bА.С.
_gАнатолий Степанович
801 0 _aRU
_bNLR
_gpsbo
801 1 _aRU
_bELAR
_2rusmarc
852 _aNLR
_j77-4/30642
899 _aRuMoRGB
_jБр 201/74
899 _aRuMoRGB
_j64
942 _cBOOK
980 _aNB